| 000 | 00795nam a2200241Ia 4500 | ||
|---|---|---|---|
| 003 | GCL | ||
| 008 | 140319s9999 xx 000 0 ara d | ||
| 020 | _a8092843052 | ||
| 040 |
_aGCL / _cGCL |
||
| 082 | 0 | 4 |
_a891.4 _bط ر |
| 100 | 1 | _aبديع حقى | |
| 245 | 1 | 0 |
_aروائع فى المسرح والشعر / _cبديع حقى |
| 700 | 1 | _aطاغور، رابندرانات | |
| 250 | _aالاولى | ||
| 260 |
_aسوريا : _bدار المدى للثقافة والنشر ، _c1998 |
||
| 300 |
_a411 ص ؛ _c24 سم |
||
| 490 |
_aمكتبة نوبل _v0 |
||
| 650 | 0 | 4 | _aالادب الهندى المترجم |
| 650 | 0 | 4 | _aالمسرحيات الهندية |
| 650 | 0 | 4 | _aطاغور، ارابندرانات |
| 650 | 0 | 4 | _aالشعر المسرحى - الهند |
| 942 |
_2ddc _cBK |
||
| 999 |
_c27946 _d27946 |
||